[Event "DEM U14w 2003"]
[Site "Willingen GER"]
[Date "2003.06.10"]
[Round "4"]
[White "Tischer, Jana"]
[Black "Zemella, Jennifer"]
[Result "0-1"]
[Termination "normal"]
[Board "5"]
[WhiteElo "1619"]
[BlackElo "1553"]
[PlyCount "28"]
[WhiteFideId "24617164"]
[BlackFideId "24636096"]
[EventCountry "GER"]
[EventRounds "9"]
[EventType "swiss"]
[EventDate "2003.06.07"]

1. e4 c5 2. Nc3 e6 3. f4 a6 4. a4 d5 5. exd5 exd5 6. Qe2+ Be7 7. Nf3 Nf6 8. d3
O-O 9. Qf2 Ng4 10. Qg3 Re8 11. Be2 Nc6 12. Ne5 Bh4 13. Qxh4 Qxh4+ 14. g3 Qd8
0-1

[Event "DEM U14w 2003"]
[Site "Willingen GER"]
[Date "2003.06.10"]
[Round "4"]
[White "Gasch, Franziska"]
[Black "Saak, Sarah"]
[Result "1-0"]
[Termination "normal"]
[Board "6"]
[WhiteElo "1546"]
[BlackElo "1611"]
[PlyCount "35"]
[WhiteFideId "24632139"]
[EventCountry "GER"]
[EventRounds "9"]
[EventType "swiss"]
[EventDate "2003.06.07"]

1. e4 e6 2. d4 d5 3. c4 dxe4 4. Nc3 Nf6 5. f3 c5 6. d5 exd5 7. cxd5 exf3 8.
Nxf3 Bd6 9. Bd3 h6 10. O-O O-O 11. Qe1 b6 12. Qh4 Nfd7 13. Bg5 Nf6 14. Bxh6
gxh6 15. Qxh6 Nbd7 16. Ng5 c4 17. Rf3 cxd3 18. Rh3 1-0

[Event "DEM U14w 2003"]
[Site "Willingen GER"]
[Date "2003.06.10"]
[Round "4"]
[White "Fuchs, Judith"]
[Black "Weiß, Katharina"]
[Result "1/2-1/2"]
[Termination "normal"]
[Board "7"]
[WhiteElo "1655"]
[BlackElo "1541"]
[PlyCount "46"]
[WhiteFideId "24605611"]
[BlackFideId "24692859"]
[EventCountry "GER"]
[EventRounds "9"]
[EventType "swiss"]
[EventDate "2003.06.07"]

1. e4 c5 2. Nc3 Nc6 3. Bb5 e6 4. Bxc6 bxc6 5. d3 Qc7 6. Nf3 d6 7. O-O Ne7 8.
Be3 Ng6 9. Rb1 Be7 10. Kh1 O-O 11. Ng1 d5 12. Na4 d4 13. Bc1 e5 14. b3 Be6 15.
Ba3 Qa5 16. Qe1 Qb5 17. c4 dxc3 18. Qxc3 Rfd8 19. Rfd1 Nf4 20. Nb2 f6 21. Rbc1
Qa6 22. Nc4 Rd4 23. g3 Nh3 1/2-1/2

[Event "DEM U14w 2003"]
[Site "Willingen GER"]
[Date "2003.06.10"]
[Round "4"]
[White "Mucha, Annegret"]
[Black "Erben, Larissa"]
[Result "1-0"]
[Termination "normal"]
[Board "8"]
[WhiteElo "1409"]
[BlackElo "1551"]
[PlyCount "67"]
[WhiteFideId "24622788"]
[BlackFideId "24634590"]
[EventCountry "GER"]
[EventRounds "9"]
[EventType "swiss"]
[EventDate "2003.06.07"]

1. e4 e5 2. Nf3 Nc6 3. Bc4 Bc5 4. c3 Nf6 5. d4 exd4 6. cxd4 Bb4+ 7. Nc3 Nxe4 8.
O-O Bxc3 9. d5 Ne5 10. bxc3 Nxc4 11. Qd4 Ncd6 12. Qxg7 Qf6 13. Qxf6 Nxf6 14.
Re1+ Kf8 15. Bh6+ Kg8 16. Re5 Nfe4 17. Re1 f5 18. Re7 b6 19. Ne5 Bb7 20. Rg7+
Kf8 21. Rxh7+ Kg8 22. Rg7+ Kf8 23. Ng6+ Ke8 24. Nxh8 Bxd5 25. f3 Bxa2 26. fxe4
fxe4 27. Bf4 Kf8 28. Rxd7 Nb5 29. Rxe4 Bb1 30. Re3 a5 31. Bh6+ Kg8 32. Nf7 Ra7
33. Rg3+ Kh7 34. Rg7# 1-0

[Event "DEM U14w 2003"]
[Site "Willingen GER"]
[Date "2003.06.10"]
[Round "4"]
[White "Ley, Janine"]
[Black "Zikeli, Saskia"]
[Result "0-1"]
[Termination "normal"]
[Board "9"]
[WhiteElo "1360"]
[BlackElo "1830"]
[PlyCount "56"]
[WhiteFideId "24671274"]
[BlackFideId "24601543"]
[EventCountry "GER"]
[EventRounds "9"]
[EventType "swiss"]
[EventDate "2003.06.07"]

1. c4 g6 2. Nc3 Bg7 3. g3 d6 4. Bg2 e5 5. Nf3 f5 6. e4 Nc6 7. b3 Nf6 8. d3 O-O
9. Bb2 Ne7 10. Nd2 f4 11. Ne2 g5 12. d4 Ng4 13. h3 fxg3 14. hxg4 gxf2+ 15. Kf1
Bxg4 16. Bh3 Qd7 17. Kg2 Ng6 18. Qf1 exd4 19. Bxd4 Bxd4 20. Nxd4 Nf4+ 21. Kg3
h5 22. Bg2 h4+ 23. Kh2 d5 24. exd5 Qd6 25. Nb5 Qe5 26. Nf3 Bxf3 27. Bxf3 Ne2+
28. Kg2 Qg3# 0-1

[Event "DEM U14w 2003"]
[Site "Willingen GER"]
[Date "2003.06.10"]
[Round "4"]
[White "Hofmann, Christine"]
[Black "Popovic, Nathalie"]
[Result "1-0"]
[Termination "normal"]
[Board "10"]
[WhiteElo "1445"]
[BlackElo "1334"]
[PlyCount "91"]
[BlackFideId "24630292"]
[EventCountry "GER"]
[EventRounds "9"]
[EventType "swiss"]
[EventDate "2003.06.07"]

1. d4 d5 2. Nc3 Nf6 3. Bg5 e6 4. e4 Be7 5. Bxf6 Bxf6 6. Nf3 O-O 7. e5 Be7 8.
Bd3 c5 9. b3 cxd4 10. Nxd4 Bb4 11. Bxh7+ Kxh7 12. Qd3+ Kg8 13. O-O Qc7 14. Ncb5
Qd7 15. a3 Be7 16. Qg3 a6 17. Nc3 Nc6 18. Rad1 Bxa3 19. h4 Qc7 20. Rfe1 Bb4 21.
Nxc6 Qxc6 22. Re3 Qc5 23. Rc1 d4 24. Ne4 Qd5 25. Nf6+ Kh8 26. Nxd5 dxe3 27.
Nxe3 b5 28. c3 Be7 29. c4 b4 30. Nc2 Rd8 31. Qf3 Ra7 32. Rd1 Rxd1+ 33. Qxd1 Rd7
34. Qe2 Bb7 35. h5 a5 36. Qe3 Kg8 37. h6 g6 38. Qb6 Bd8 39. Qb5 Re7 40. c5 Bd5
41. Nd4 Kh7 42. Nc6 Bxc6 43. Qxc6 Rc7 44. Qe8 Bg5 45. Qb5 Be7 46. c6 1-0

[Event "DEM U14w 2003"]
[Site "Willingen GER"]
[Date "2003.06.10"]
[Round "4"]
[White "Nekrassova, Katja"]
[Black "Tovmasian, Nelli"]
[Result "0-1"]
[Termination "normal"]
[Board "11"]
[WhiteElo "1220"]
[BlackElo "1433"]
[PlyCount "144"]
[BlackFideId "24611735"]
[EventCountry "GER"]
[EventRounds "9"]
[EventType "swiss"]
[EventDate "2003.06.07"]

1. e4 d6 2. d4 g6 3. f4 Bg7 4. Nf3 Bg4 5. c3 c6 6. Bd3 Nd7 7. e5 dxe5 8. fxe5
c5 9. O-O cxd4 10. cxd4 Qb6 11. Qb3 Qxb3 12. axb3 Bxf3 13. Rxf3 a6 14. Nc3 f5
15. Bf4 Rc8 16. Bc4 Nf8 17. d5 Nd7 18. Re1 Nb6 19. Bd3 Rd8 20. d6 e6 21. Rc1
Nh6 22. Na4 Nd5 23. Nc5 Nxf4 24. d7+ Ke7 25. Rxf4 Bxe5 26. Rb4 Bxb2 27. Re1 e5
28. Rc4 b5 29. Rc2 Bd4+ 30. Kf1 Bxc5 31. Rxe5+ Kf7 32. Rcxc5 Rxd7 33. Be2 Rhd8
34. Rc6 Rd6 35. Rc7+ R8d7 36. Rc8 Re6 37. Rec5 Rde7 38. Bf3 Re1+ 39. Kf2 Ng4+
40. Kg3 R1e3 41. h3 Ne5 42. Rc3 Nxf3 43. gxf3 Rxc3 44. Rxc3 a5 45. Rc5 Rb7 46.
Kf4 a4 47. bxa4 bxa4 48. Ra5 Rb4+ 49. Ke3 Rh4 50. Ra7+ Kf6 51. Kf2 Rxh3 52.
Rxa4 Kg5 53. Kg2 Rh4 54. Ra7 h6 55. Kg3 Rf4 56. Ra6 Rd4 57. Ra5 h5 58. Ra3 h4+
59. Kh3 Kh5 60. Rb3 Rf4 61. Kg2 g5 62. Rb5 h3+ 63. Kxh3 Rxf3+ 64. Kg2 g4 65.
Rc5 Kh4 66. Rd5 f4 67. Rf5 Rg3+ 68. Kf2 f3 69. Rf4 Rg2+ 70. Kf1 Kg3 71. Rf5
Rf2+ 72. Kg1 Ra2 0-1

[Event "DEM U14w 2003"]
[Site "Willingen GER"]
[Date "2003.06.10"]
[Round "4"]
[White "Völschow, Toni"]
[Black "Weber, Kristina"]
[Result "0-1"]
[Termination "normal"]
[Board "12"]
[WhiteElo "1382"]
[BlackElo "1363"]
[PlyCount "186"]
[WhiteFideId "24622591"]
[EventCountry "GER"]
[EventRounds "9"]
[EventType "swiss"]
[EventDate "2003.06.07"]

1. b4 e6 2. Bb2 d5 3. Nf3 Nf6 4. a3 c5 5. bxc5 Bxc5 6. e3 Nc6 7. d4 Bd6 8. c4
O-O 9. Nc3 a6 10. Bd3 dxc4 11. Bxc4 b5 12. Bd3 Bd7 13. O-O e5 14. d5 Ne7 15. e4
Bg4 16. h3 Bh5 17. Be2 Qc8 18. Rc1 Bxf3 19. Bxf3 Qd7 20. Rc2 Ng6 21. Bg4 Nxg4
22. Qxg4 Qxg4 23. hxg4 Rfc8 24. g3 Rc4 25. Rcc1 Rac8 26. Ne2 Rxc1 27. Rxc1
Rxc1+ 28. Bxc1 Ne7 29. f4 f6 30. Nc3 Kf8 31. Kg2 Ke8 32. Kf3 h6 33. Nd1 Kf7 34.
Ne3 a5 35. Nc2 g5 36. f5 Nc8 37. Bd2 a4 38. Nb4 Bxb4 39. Bxb4 Ke8 40. Ke3 Kd7
41. Kd3 Nb6 42. Bf8 Nc4 43. Kc3 Ne3 44. Kd3 Nxg4 45. Ke2 h5 46. Kf3 Ke8 47. Bb4
Nh6 48. Be1 Nf7 49. Bb4 Kd7 50. Bc5 Nd6 51. Bb4 g4+ 52. Ke3 Ne8 53. Kf2 Nc7 54.
Ke3 Na6 55. Bc3 Kd6 56. Kf2 Nc7 57. Bb4+ Kd7 58. Ke3 Ne8 59. Kd3 Nd6 60. Ke3
Nc4+ 61. Kd3 Nb2+ 62. Ke2 Nc4 63. Kd3 Nb6 64. Bc3 Nc8 65. Bb4 Nd6 66. Ke3 Nf7
67. Kf2 Ng5 68. Ke3 Nf3 69. Ke2 Nd4+ 70. Kd3 Nf3 71. Ke3 h4 72. gxh4 Nxh4 73.
Bc5 Ng2+ 74. Kf2 Nf4 75. Kg3 Nd3 76. Bf8 b4 77. axb4 a3 78. Kxg4 a2 79. Kh5
a1=Q 80. Kg6 Qa8 81. Bg7 Qe8+ 82. Kxf6 Qe7+ 83. Kg6 Nf4+ 84. Kh7 Nh5 85. f6
Nxf6+ 86. Kg6 Nxe4 87. Kf5 Nd6+ 88. Kg6 Qf7+ 89. Kg5 Qxg7+ 90. Kh4 Ke7 91. b5
Kf6 92. b6 Kf5 93. Kh3 Kf4 0-1

[Event "DEM U14w 2003"]
[Site "Willingen GER"]
[Date "2003.06.10"]
[Round "4"]
[White "Dittrich, Jacqueline"]
[Black "Benzen, Marthe"]
[Result "1/2-1/2"]
[Termination "normal"]
[Board "13"]
[WhiteElo "1473"]
[BlackElo "1405"]
[PlyCount "71"]
[WhiteFideId "24666270"]
[BlackFideId "24647764"]
[EventCountry "GER"]
[EventRounds "9"]
[EventType "swiss"]
[EventDate "2003.06.07"]

1. e4 e5 2. Nf3 Nc6 3. Nc3 Bc5 4. Bb5 Nge7 5. Bxc6 Nxc6 6. d3 d6 7. h3 Ne7 8.
d4 exd4 9. Nxd4 d5 10. exd5 Bb4 11. Bd2 Bxc3 12. Bxc3 Nxd5 13. Qe2+ Ne7 14.
O-O-O Qd5 15. Qb5+ Bd7 16. Qxd5 Nxd5 17. Rhe1+ Kf8 18. Ne2 Nxc3 19. Nxc3 Bc6
20. f3 Re8 21. Rxe8+ Kxe8 22. Nd5 Bxd5 23. Rxd5 Ke7 24. Kd2 Ke6 25. Rd4 f5 26.
Ke3 Re8 27. Kf4 h6 28. g4 g5+ 29. Kg3 f4+ 30. Kf2 c5 31. Re4+ Kd7 32. Rxe8 Kxe8
33. Ke2 Kd7 34. Kd3 b5 35. Ke4 Ke6 36. b3 1/2-1/2

[Event "DEM U14w 2003"]
[Site "Willingen GER"]
[Date "2003.06.10"]
[Round "4"]
[White "Goergen, Barbara"]
[Black "Laake, Tamara"]
[Result "0-1"]
[Termination "normal"]
[Board "14"]
[WhiteElo "1526"]
[BlackElo "1486"]
[PlyCount "78"]
[EventCountry "GER"]
[EventRounds "9"]
[EventType "swiss"]
[EventDate "2003.06.07"]

1. e4 e5 2. Nf3 d6 3. d4 exd4 4. Nxd4 Nf6 5. Nc3 Be7 6. Bc4 O-O 7. f3 Re8 8.
Be3 Bf8 9. Qd2 c6 10. a4 Nbd7 11. O-O-O Ne5 12. Ba2 Qa5 13. Qe2 a6 14. Nb3 Qc7
15. a5 c5 16. h3 b6 17. axb6 Qxb6 18. Nd2 Rb8 19. Bb3 Be6 20. Na4 Qa5 21. Bxe6
Qxa4 22. Bb3 Qa1+ 23. Nb1 c4 24. Bxc4 Qxb2+ 25. Kd2 Qb4+ 26. c3 Qxc4 27. Qxc4
Nxc4+ 28. Ke2 Nxe3 29. Kxe3 d5 30. Nd2 dxe4 31. Nxe4 Nxe4 32. fxe4 Bc5+ 33. Kf3
Red8 34. Rd5 Rxd5 35. exd5 Rb3 36. Re1 Rxc3+ 37. Kf4 Bd6+ 38. Kg4 Kf8 39. Ra1
Ra3 0-1

[Event "DEM U14w 2003"]
[Site "Willingen GER"]
[Date "2003.06.10"]
[Round "5"]
[White "Ohme, Melanie"]
[Black "Vollak, Marleen"]
[Result "1-0"]
[Termination "normal"]
[Board "1"]
[WhiteElo "1736"]
[BlackElo "1454"]
[PlyCount "43"]
[WhiteFideId "4690745"]
[BlackFideId "24624233"]
[EventCountry "GER"]
[EventRounds "9"]
[EventType "swiss"]
[EventDate "2003.06.07"]

1. e4 c5 2. Nc3 Nc6 3. g3 g6 4. Bg2 Bg7 5. d3 e6 6. f4 d6 7. Nf3 Nge7 8. O-O
O-O 9. Be3 Nd4 10. e5 Nec6 11. exd6 Qxd6 12. Ne4 Qe7 13. c3 Nxf3+ 14. Qxf3 Rd8
15. Bxc5 Qc7 16. d4 Ne7 17. Rae1 Nd5 18. Nd2 a5 19. Nc4 Ra6 20. Ne5 b5 21. Qe2
Bb7 22. Qxb5 1-0

[Event "DEM U14w 2003"]
[Site "Willingen GER"]
[Date "2003.06.10"]
[Round "5"]
[White "Zemella, Jennifer"]
[Black "Gasch, Franziska"]
[Result "1-0"]
[Termination "normal"]
[Board "2"]
[WhiteElo "1553"]
[BlackElo "1546"]
[PlyCount "93"]
[WhiteFideId "24636096"]
[BlackFideId "24632139"]
[EventCountry "GER"]
[EventRounds "9"]
[EventType "swiss"]
[EventDate "2003.06.07"]

1. e4 d5 2. exd5 Nf6 3. d4 Nxd5 4. Be2 Nc6 5. c4 Nb6 6. d5 Ne5 7. Qd4 Ng6 8.
Nf3 e6 9. Nc3 h6 10. O-O Be7 11. Rd1 O-O 12. Qe4 Qe8 13. dxe6 fxe6 14. Bd3 Rf6
15. h4 Nd7 16. Na4 Ngf8 17. b3 Bd6 18. Bb2 Rf4 19. Qe3 b6 20. Be4 Rb8 21. Bc2
Rf7 22. Re1 Bb7 23. Nd4 Re7 24. Nb5 Nc5 25. Nxd6 cxd6 26. Nxc5 bxc5 27. Qg3 e5
28. Rad1 Rd8 29. a3 Ne6 30. Qd3 g6 31. Qg3 Nf8 32. h5 g5 33. Qg4 Bc8 34. Qe4
Qxh5 35. Re3 Bb7 36. Qd3 e4 37. Qc3 Qg6 38. Qh8+ Kf7 39. Rf3+ exf3 40. Bxg6+
Kxg6 41. Qf6+ Kh5 42. Qxe7 Rb8 43. Qxd6 Re8 44. Qh2+ Kg6 45. Qh3 fxg2 46. Rd6+
Kh7 47. Qxh6+ 1-0

[Event "DEM U14w 2003"]
[Site "Willingen GER"]
[Date "2003.06.10"]
[Round "5"]
[White "Nuber, Helene"]
[Black "Nguyen, Hoa My"]
[Result "0-1"]
[Termination "normal"]
[Board "4"]
[WhiteElo "1542"]
[BlackElo "1627"]
[PlyCount "50"]
[WhiteFideId "24613045"]
[EventCountry "GER"]
[EventRounds "9"]
[EventType "swiss"]
[EventDate "2003.06.07"]

1. e4 c5 2. Nc3 Nc6 3. g3 g6 4. Bg2 Bg7 5. d3 d6 6. f4 e6 7. Nf3 Nge7 8. O-O
O-O 9. Be3 b6 10. e5 Bb7 11. d4 cxd4 12. Bxd4 Nxd4 13. Qxd4 Nf5 14. Qd3 dxe5
15. fxe5 Qxd3 16. cxd3 Ne3 17. Rf2 Nxg2 18. Kxg2 Bxe5 19. Kf1 Bg7 20. h4 Rac8
21. Rc1 Rfd8 22. Ng5 Rc7 23. Rd1 h6 24. Nge4 f5 25. Nb5 Rcd7 0-1

[Event "DEM U14w 2003"]
[Site "Willingen GER"]
[Date "2003.06.10"]
[Round "5"]
[White "Gossmann, Anna Maria"]
[Black "Mucha, Annegret"]
[Result "0-1"]
[Termination "normal"]
[Board "5"]
[WhiteElo "1575"]
[BlackElo "1409"]
[PlyCount "92"]
[BlackFideId "24622788"]
[EventCountry "GER"]
[EventRounds "9"]
[EventType "swiss"]
[EventDate "2003.06.07"]

1. e4 c5 2. Nf3 Nc6 3. d4 cxd4 4. Nxd4 g6 5. Nc3 Bg7 6. Be3 Nf6 7. Bc4 O-O 8.
Bb3 d6 9. Qd2 Ng4 10. Nxc6 bxc6 11. Bg5 Kh8 12. h3 Nf6 13. f3 Qc7 14. O-O-O Rb8
15. g4 Be6 16. h4 Bxb3 17. cxb3 d5 18. h5 Rfd8 19. e5 Ng8 20. hxg6 fxg6 21. Qh2
h6 22. Bf4 e6 23. Bxh6 Nxh6 24. g5 Kh7 25. f4 Qb6 26. Qh3 c5 27. Rd2 Qc6 28.
Rg2 c4 29. gxh6 Bh8 30. Qg4 Rg8 31. Qh4 Rb7 32. Rc2 cxb3 33. axb3 Qd7 34. Na4
Rc7 35. Rxc7 Qxc7+ 36. Kb1 Rc8 37. Qf2 a6 38. Nc3 Qb7 39. Ka2 d4 40. Qxd4 Rxc3
41. bxc3 Qxh1 42. Qd7+ Kxh6 43. Qxe6 Qh2+ 44. Ka3 Qxf4 45. Qxa6 Qxe5 46. c4
Qa1+ 0-1

[Event "DEM U14w 2003"]
[Site "Willingen GER"]
[Date "2003.06.10"]
[Round "5"]
[White "Weiß, Katharina"]
[Black "Mader, Manuela"]
[Result "0-1"]
[Termination "normal"]
[Board "6"]
[WhiteElo "1541"]
[BlackElo "1672"]
[PlyCount "68"]
[WhiteFideId "24692859"]
[BlackFideId "24612928"]
[EventCountry "GER"]
[EventRounds "9"]
[EventType "swiss"]
[EventDate "2003.06.07"]

1. e4 e5 2. Nf3 Nc6 3. Nc3 Nf6 4. d4 Bb4 5. Bg5 h6 6. dxe5 Nxe5 7. Nxe5 hxg5 8.
Bc4 d5 9. Bxd5 Nxd5 10. Qxd5 Qe7 11. O-O Bd6 12. Nf3 g4 13. e5 Bb4 14. Nb5 gxf3
15. Qxf3 Qxe5 16. Qe3 Qxe3 17. fxe3 Ba5 18. c4 a6 19. Nd4 c5 20. Nf3 Be6 21. b3
O-O-O 22. Rad1 Rxd1 23. Rxd1 Rd8 24. Rxd8+ Kxd8 25. Ng5 Ke7 26. Kf2 f6 27. Ne4
b6 28. Kf3 Bf5 29. g4 Bxe4+ 30. Kxe4 Ke6 31. h4 Be1 32. h5 Bg3 33. Kf3 Bc7 34.
Ke4 Bd6 0-1

[Event "DEM U14w 2003"]
[Site "Willingen GER"]
[Date "2003.06.10"]
[Round "5"]
[White "Zikeli, Saskia"]
[Black "Tischer, Jana"]
[Result "1/2-1/2"]
[Termination "normal"]
[Board "7"]
[WhiteElo "1830"]
[BlackElo "1619"]
[PlyCount "93"]
[WhiteFideId "24601543"]
[BlackFideId "24617164"]
[EventCountry "GER"]
[EventRounds "9"]
[EventType "swiss"]
[EventDate "2003.06.07"]

1. e4 c5 2. Nf3 Nc6 3. d4 cxd4 4. Nxd4 g6 5. Be3 Bg7 6. Nc3 Nf6 7. f3 O-O 8.
Bc4 Qa5 9. Bb3 d6 10. Qd2 Bd7 11. O-O-O Rfc8 12. Kb1 a6 13. g4 b5 14. h4 Nxd4
15. Bxd4 b4 16. Nd5 Nxd5 17. Bxg7 Nc3+ 18. bxc3 bxc3 19. Qc1 Kxg7 20. h5 g5 21.
Rd5 Qb4 22. Qxg5+ Kf8 23. Rhd1 Be6 24. R5d4 Qb5 25. Qxb5 axb5 26. Rb4 Ra5 27.
Ka1 Rca8 28. a4 Bxb3 29. cxb3 bxa4 30. bxa4 Rxa4+ 31. Rxa4 Rxa4+ 32. Kb1 Ra3
33. Kc2 Kg7 34. f4 Ra4 35. Re1 Kf6 36. Kxc3 Ra2 37. g5+ Ke6 38. Rf1 Rg2 39. Kd3
f6 40. f5+ Kf7 41. g6+ Kg7 42. h6+ Kg8 43. g7 Rg3+ 44. Kd4 Ra3 45. Rc1 Ra8 46.
Kd5 Kf7 47. Rc3 1/2-1/2

[Event "DEM U14w 2003"]
[Site "Willingen GER"]
[Date "2003.06.10"]
[Round "5"]
[White "Weber, Kristina"]
[Black "Fuchs, Judith"]
[Result "0-1"]
[Termination "normal"]
[Board "8"]
[WhiteElo "1363"]
[BlackElo "1655"]
[PlyCount "92"]
[BlackFideId "24605611"]
[EventCountry "GER"]
[EventRounds "9"]
[EventType "swiss"]
[EventDate "2003.06.07"]

1. d4 Nf6 2. Nf3 d5 3. c4 e6 4. Nc3 Nbd7 5. Bg5 Be7 6. e3 O-O 7. Bd3 dxc4 8.
Bxc4 a6 9. O-O b6 10. Qc2 Bb7 11. Nd2 Rc8 12. Bd3 h6 13. Bh4 c5 14. Rac1 cxd4
15. exd4 b5 16. a3 Nb6 17. Nb3 Nbd5 18. Bxf6 Nxf6 19. Qe2 Qd7 20. Ne4 Qd5 21.
Nbd2 Qxd4 22. b4 Rfd8 23. Rxc8 Bxc8 24. Bc2 Bb7 25. Nb3 Qb6 26. Nxf6+ Bxf6 27.
Nc5 Bd5 28. Rd1 Be7 29. Ne4 Qc6 30. f3 Qb6+ 31. Kh1 Qc6 32. Qd3 g6 33. Qe2 f5
34. Nf2 Bf6 35. Nd3 Rc8 36. Ne1 Kh7 37. Bd3 Qc7 38. Nc2 Rd8 39. Ne3 Bb3 40. Rb1
Qc3 41. Rxb3 Qxb3 42. Bc2 Qxa3 43. Nd1 Qxb4 44. Qxe6 Qd4 45. h3 Be5 46. Ne3
Qa1+ 0-1

[Event "DEM U14w 2003"]
[Site "Willingen GER"]
[Date "2003.06.10"]
[Round "5"]
[White "Tovmasian, Nelli"]
[Black "Hofmann, Christine"]
[Result "1-0"]
[Termination "normal"]
[Board "9"]
[WhiteElo "1433"]
[BlackElo "1445"]
[PlyCount "59"]
[WhiteFideId "24611735"]
[EventCountry "GER"]
[EventRounds "9"]
[EventType "swiss"]
[EventDate "2003.06.07"]

1. e4 e6 2. d4 c5 3. d5 exd5 4. exd5 d6 5. c4 g6 6. Nf3 Bg7 7. Bd3 Ne7 8. O-O
O-O 9. Nbd2 Bf5 10. Bxf5 Nxf5 11. Qb3 Qc7 12. Ne4 Re8 13. Re1 Nd7 14. Bf4 Nf6
15. Nxf6+ Bxf6 16. Qb5 Reb8 17. g4 Nd4 18. Nxd4 Bxd4 19. Re2 a6 20. Qb3 Qd7 21.
Qg3 Rd8 22. Rae1 b5 23. Re7 Qc8 24. Bxd6 bxc4 25. Qf4 Rf8 26. Rc7 Qd8 27. Ree7
Rc8 28. Rcd7 Qa5 29. Rxf7 Rfe8 30. Rg7+ 1-0

[Event "DEM U14w 2003"]
[Site "Willingen GER"]
[Date "2003.06.10"]
[Round "5"]
[White "Saak, Sarah"]
[Black "Erben, Larissa"]
[Result "0-1"]
[Termination "normal"]
[Board "10"]
[WhiteElo "1611"]
[BlackElo "1551"]
[PlyCount "48"]
[BlackFideId "24634590"]
[EventCountry "GER"]
[EventRounds "9"]
[EventType "swiss"]
[EventDate "2003.06.07"]

1. e4 e5 2. Nf3 Nc6 3. Bc4 Bc5 4. d3 Nf6 5. Bg5 h6 6. Bh4 d6 7. Nc3 g5 8. Bg3
Bg4 9. h4 Nh7 10. hxg5 Nxg5 11. Bh4 f6 12. Bxg5 fxg5 13. Qd2 Bxf3 14. gxf3 Qf6
15. f4 exf4 16. O-O-O O-O-O 17. Nd5 Qg7 18. Rhg1 Qe5 19. Bb5 Nd4 20. Ba4 Nf3
21. Qa5 Rh7 22. Rh1 Nh4 23. Rdf1 c6 24. Nc3 Be3+ 0-1

[Event "DEM U14w 2003"]
[Site "Willingen GER"]
[Date "2003.06.10"]
[Round "5"]
[White "Laake, Tamara"]
[Black "Dittrich, Jacqueline"]
[Result "1/2-1/2"]
[Termination "normal"]
[Board "11"]
[WhiteElo "1486"]
[BlackElo "1473"]
[PlyCount "48"]
[BlackFideId "24666270"]
[EventCountry "GER"]
[EventRounds "9"]
[EventType "swiss"]
[EventDate "2003.06.07"]

1. e4 e6 2. d4 d5 3. Nd2 c5 4. Ngf3 cxd4 5. Nxd4 Bc5 6. N4f3 dxe4 7. Nxe4 Qxd1+
8. Kxd1 Be7 9. Bg5 Nc6 10. Bc4 h6 11. Bxe7 Kxe7 12. Ke2 Nf6 13. Nxf6 Kxf6 14.
Rad1 Ke7 15. c3 Rd8 16. Rxd8 Kxd8 17. Rd1+ Ke7 18. Nd2 Ne5 19. Bb5 Bd7 20. Bxd7
Nxd7 21. Ne4 b6 22. Ke3 Ne5 23. Ke2 Rc8 24. f4 Nd7 1/2-1/2

[Event "DEM U14w 2003"]
[Site "Willingen GER"]
[Date "2003.06.10"]
[Round "5"]
[White "Benzen, Marthe"]
[Black "Nekrassova, Katja"]
[Result "1-0"]
[Termination "normal"]
[Board "12"]
[WhiteElo "1405"]
[BlackElo "1220"]
[PlyCount "69"]
[WhiteFideId "24647764"]
[EventCountry "GER"]
[EventRounds "9"]
[EventType "swiss"]
[EventDate "2003.06.07"]

1. e4 c5 2. Nf3 Nc6 3. d4 cxd4 4. Nxd4 Nf6 5. Nc3 e6 6. Be3 a6 7. Be2 Be7 8.
Qd2 b5 9. f4 b4 10. Na4 Nxe4 11. Nxc6 Nxd2 12. Nxd8 Ne4 13. Bf3 f5 14. Nb6 Rb8
15. Nxc8 Rxc8 16. Nb7 Rxc2 17. Rb1 O-O 18. Na5 Bf6 19. Bc1 Rfc8 20. Nb3 a5 21.
O-O a4 22. Na1 Bd4+ 23. Kh1 Nd2 24. Nxc2 Nxf3 25. Rxf3 Rxc2 26. Rd3 Re2 27. Bd2
e5 28. fxe5 Bxe5 29. Bxb4 Bxb2 30. Rd2 Rxd2 31. Bxd2 Be5 32. g3 Kf7 33. Bf4
Bxf4 34. gxf4 Ke6 35. Rb4 1-0

[Event "DEM U14w 2003"]
[Site "Willingen GER"]
[Date "2003.06.10"]
[Round "5"]
[White "Popovic, Nathalie"]
[Black "Ley, Janine"]
[Result "1/2-1/2"]
[Termination "normal"]
[Board "13"]
[WhiteElo "1334"]
[BlackElo "1360"]
[PlyCount "40"]
[WhiteFideId "24630292"]
[BlackFideId "24671274"]
[EventCountry "GER"]
[EventRounds "9"]
[EventType "swiss"]
[EventDate "2003.06.07"]

1. d4 Nf6 2. c4 e6 3. Nc3 b6 4. Bg5 Bb7 5. e3 Be7 6. Nf3 c5 7. Be2 Ne4 8. Bxe7
Qxe7 9. Qc2 Nxc3 10. bxc3 O-O 11. O-O d5 12. cxd5 Bxd5 13. a4 Nd7 14. Rfb1 e5
15. a5 Rfb8 16. axb6 axb6 17. h3 f6 18. Ra4 Rxa4 19. Qxa4 Ra8 20. Qd1 Qe6
1/2-1/2

[Event "DEM U14w 2003"]
[Site "Willingen GER"]
[Date "2003.06.10"]
[Round "5"]
[White "Goergen, Barbara"]
[Black "Völschow, Toni"]
[Result "0-1"]
[Termination "normal"]
[Board "14"]
[WhiteElo "1526"]
[BlackElo "1382"]
[PlyCount "108"]
[BlackFideId "24622591"]
[EventCountry "GER"]
[EventRounds "9"]
[EventType "swiss"]
[EventDate "2003.06.07"]

1. e4 c5 2. c3 Nf6 3. e5 Nd5 4. Nf3 e6 5. Bc4 Nb6 6. Be2 d6 7. exd6 Bxd6 8. d4
O-O 9. O-O N8d7 10. Nbd2 cxd4 11. Nxd4 Nf6 12. Nc4 Nxc4 13. Bxc4 Bxh2+ 14. Kxh2
Qc7+ 15. Kg1 Qxc4 16. Qe2 Qxe2 17. Nxe2 Bd7 18. Ng3 h6 19. Re1 Bc6 20. f3 Rfd8
21. Be3 a6 22. Rad1 Nd5 23. Bd4 b5 24. Kf2 Nf6 25. Be5 Rd5 26. Rxd5 Bxd5 27. a3
Kf8 28. Bd4 Rd8 29. Bb6 Rd7 30. Bd4 Ne8 31. Ne4 Bxe4 32. Rxe4 Nd6 33. Bc5 Ke8
34. Rd4 Nf5 35. Rxd7 Kxd7 36. g4 Nd6 37. b3 f5 38. Bd4 g6 39. Kg3 Kc6 40. Bg7
Nf7 41. gxf5 gxf5 42. Kh4 Kd5 43. Kh5 e5 44. Kg6 Ke6 45. Kh5 e4 46. fxe4 fxe4
47. Bd4 Kf5 48. Be3 Ne5 49. Bxh6 Ng4 50. Bd2 e3 51. Be1 Nf2 52. c4 bxc4 53.
bxc4 Nd3 54. Bc3 e2 0-1

[Event "DEM U14w 2003"]
[Site "Willingen GER"]
[Date "2003.06.11"]
[Round "6"]
[White "Mader, Manuela"]
[Black "Ohme, Melanie"]
[Result "1/2-1/2"]
[Termination "normal"]
[Board "1"]
[WhiteElo "1672"]
[BlackElo "1736"]
[PlyCount "108"]
[WhiteFideId "24612928"]
[BlackFideId "4690745"]
[EventCountry "GER"]
[EventRounds "9"]
[EventType "swiss"]
[EventDate "2003.06.07"]

1. e4 c5 2. Nf3 d6 3. d4 cxd4 4. Nxd4 Nf6 5. Bd3 g6 6. O-O Bg7 7. c3 O-O 8. Kh1
a6 9. a4 b6 10. f4 Qc7 11. f5 Nbd7 12. Qe1 Bb7 13. Nd2 Rac8 14. Qh4 Ne5 15. Bc2
Qb8 16. N2f3 Qa8 17. Bg5 Rfe8 18. Nxe5 dxe5 19. fxg6 hxg6 20. Nf3 Bxe4 21. Bxe4
Nxe4 22. Rae1 Nd6 23. Nxe5 Nf5 24. Qg4 Qd5 25. Bf4 Qb3 26. Nxg6 fxg6 27. Qxg6
Rf8 28. Bg5 Qf7 29. Qxb6 Qc4 30. Kg1 Rc6 31. Qa5 e6 32. Rf4 Qd3 33. Qb4 Rd6 34.
Qe4 Qd2 35. Re2 Qc1+ 36. Kf2 Kh7 37. g4 Rd1 38. gxf5 Rf1+ 39. Kg3 Rg1+ 40. Rg2
Rxg2+ 41. Qxg2 Be5 42. Qh3+ Kg8 43. Qh5 Bxf4+ 44. Bxf4 Qg1+ 45. Kh3 Qf1+ 46.
Kg3 Rf7 47. f6 Qe1+ 48. Kg2 Rxf6 49. Qe8+ Kg7 50. Qd7+ Rf7 51. Qd4+ Kg8 52.
Qd8+ Kh7 53. Qd3+ Kh8 54. Qd8+ Kh7 1/2-1/2